书目信息 |
| 题名: |
石油的故事
|
|
| 作者: | 夏华罡 , 梁少贤 著 | |
| 分册: | ||
| 出版信息: | 上海 少年儿童出版社 1978 |
|
| 页数: | 106页 | |
| 开本: | 19cm | |
| 丛书名: | 少年自然科学丛书 | |
| 单 册: | ||
| 中图分类: | I287.55 | |
| 科图分类: | ||
| 主题词: | 儿童文学-科学故事--中国--现代 , 科学故事-儿童文学--中国--现代 | |
| 电子资源: | ||
| ISBN: | ||
| 000 | 00745nam2 2200265 45 | |
| 001 | 0178003259 | |
| 005 | 20060912085146.12 | |
| 010 | @dCNY0.23 | |
| 091 | @aCN@bR13024.26 | |
| 100 | @a19950721d1978 am y0chiy0121 ea | |
| 101 | 0 | @achi |
| 102 | @aCN@b310000 | |
| 105 | @ay z 000fy | |
| 200 | 10 | @a石油的故事@Ashi you de gu shi@f夏华罡,梁少贤著 |
| 210 | @a上海@c少年儿童出版社@d1978 | |
| 215 | @a106页@d19cm | |
| 225 | 2 | @a少年自然科学丛书 |
| 410 | 0 | @120010@a少年自然科学丛书 |
| 606 | @a儿童文学-科学故事@y中国@z现代 | |
| 606 | @a科学故事-儿童文学@y中国@z现代 | |
| 690 | @aI287.55@v3 | |
| 701 | 0 | @a夏华罡@Axia hua gang@4著 |
| 701 | 0 | @a梁少贤@Aliang shao xian@4著 |
| 801 | 0 | @aCN@bTSSF@c20060912 |
| 905 | @a10447@dI287.55@e250 | |
| 石油的故事/夏华罡,梁少贤著.-上海:少年儿童出版社,1978 |
| 106页;19cm.-(少年自然科学丛书) |
| ISBN :CNY0.23 |
| ● |
| 相关链接 |
|
|
|
|
正题名:石油的故事
索取号:I287.55/250
 
预约/预借
| 序号 | 登录号 | 条形码 | 馆藏地/架位号 | 状态 | 备注 |
| 1 | 0428545 | 204285451 | 密集书库/ [索取号:I287.55/250] | 在馆 | |
| 2 | 0472172 | 204721729 | 密集书库/ [索取号:I287.55/250] | 在馆 |